Statistics for Lyrics - ...Ready For It? - Taylor Swift

Click here to take the quiz!

General Stats

  • This quiz has been taken 371 times
  • The average score is 190 of 229

Answer Stats

Answer % Correct
a
100%
I
100%
you
98%
He
96%
the
96%
for
96%
he
96%
are
95%
an
95%
Are
95%
and
94%
it?
94%
And
94%
be
94%
ready
94%
In
94%
in
94%
time
94%
my
93%
was
93%
to
93%
him
93%
do
93%
me
92%
so
92%
saw
92%
first
92%
Me
92%
see
91%
go
91%
is
91%
how
90%
of
90%
we
89%
No
89%
that
89%
dreams
88%
night
88%
Knew
88%
killer
88%
man
87%
can
87%
know
87%
this
87%
middle
87%
Baby
86%
gonna
86%
baby
86%
but
85%
things
85%
But
85%
never
85%
Never
85%
should
84%
Island
84%
I'm
84%
island
84%
if
83%
Touch
83%
one
82%
has
82%
alone
82%
girls
82%
take
82%
then
82%
many
81%
you'll
81%
Wonder
81%
haunted
80%
ghost
80%
with
80%
left
80%
Like
78%
down
78%
like
78%
phantom
78%
love
78%
Taylor
77%
he's
77%
lights
77%
breeze
76%
low
76%
had
76%
ransom
76%
too
76%
try
75%
all
75%
Holdin'
74%
Some
74%
some
74%
than
74%
hard
74%
though
74%
sorry
73%
don't
73%
boys
73%
such
73%
at
71%
act
71%
exes
71%
tryin'
71%
hearts
71%
saying
71%
forever
69%
keep
69%
Younger
67%
better
67%
robber
67%
Stealing
67%
let
66%
Let
66%
running
66%
nothing
65%
vendetta
64%
loved
64%
begin.
63%
now
63%
move
63%
begin
63%
we'll
62%
off
62%
games
62%
same
61%
thief
61%
jailer
61%
Burton
59%
join
59%
heist
59%
Every
57%
failure
56%
forget
52%
their
52%
names
52%
very
52%
tame
52%
comparison
50%
known
47%
I've
45%
been
42%
his
39%

Score Distribution

Percentile by Number Answered

Percent of People with Each Score

Your Score History

You have not taken this quiz